Rozpoznasz osobę po fragmencie jej zdjęcia? - Statystyki

Ogólne statystyki
  • Ten quiz został rozwiązany 114 razy
  • Średni wynik to 11 z 20
Statystyki odpowiedzi
Obrazkowy Odpowiedź % Poprawnych
Donald Tusk
95%
Albert Einstein
88%
Barack Obama
86%
Donald Trump
85%
Friz
79%
Edyta Górniak
73%
Wersow
68%
Zbigniew Stonoga
64%
Freddie Mercury
61%
Beata Kozidrak
53%
Beyonce
46%
Nelson Mandela
46%
Alaksandr Łukaszenka
45%
Mark Zuckerberg
37%
Zac Efron
34%
Julia Wieniawa
32%
Shakira
32%
Margot Robbie
16%
Anne Hathaway
12%
Avicii
11%
Nie znaleziono quizów pasujących do podanych kryteriów
Rozkład punktacji
Procent ludzi z każdym wynikiem
Percentyl według liczby udzielonych odpowiedzi
Twoja historia wyników
Nie rozwiązałeś tego quizu